Profiles and Letters / by K. Natwar Singh (Record no. 68201)
[ view plain ]
| 000 -LEADER | |
|---|---|
| fixed length control field | 01423nam a22002537a 4500 |
| 005 - DATE AND TIME OF LATEST TRANSACTION | |
| control field | 2012062706496.0 |
| 010 ## - LCCN (DPL NO) | |
| LC control number | B-458559-563 |
| 020 ## - INTERNATIONAL STANDARD BOOK NUMBER | |
| International Standard Book Number | 9788129102355 |
| Terms of availability | 295.00 |
| 035 ## - SYSTEM CONTROL NUMBER | |
| System control number | B-458559-563 |
| 037 ## - SOURCE OF ACQUISITION | |
| Stock number | dpl |
| Source of stock number/acquisition | K .K. pub / ven |
| 082 ## - DEWEY DECIMAL CLASSIFICATION NUMBER | |
| Classification number | 920 |
| 100 ## - MAIN ENTRY--PERSONAL NAME | |
| Personal name | Singh, K . Natwar |
| 245 ## - TITLE STATEMENT | |
| Title | Profiles and Letters / by K. Natwar Singh |
| 260 ## - PUBLICATION, DISTRIBUTION, ETC. (IMPRINT) | |
| Place of publication, distribution, etc | New Delhi |
| Name of publisher, distributor, etc | Rupa |
| Date of publication, distribution, etc | 1997 |
| 270 ## - ADDRESS | |
| Address | 7/16 Ansari Road Daryaganj |
| City | New Delhi |
| 300 ## - PHYSICAL DESCRIPTION | |
| Extent | ix, 257pg |
| Dimensions | 22cm |
| 942 ## - ADDED ENTRY ELEMENTS (KOHA) | |
| Source of classification or shelving scheme | Dewey Decimal Classification |
| Item type | English Books |
| Classification part | 920 |
| Call number suffix | SIN |
| Withdrawn status | Lost status | Not for loan | Collection code | Home library | Current library | Date acquired | Source of acquisition | Cost, normal purchase price | Full call number | Barcode | Copy number | Cost, replacement price | Koha item type |
|---|---|---|---|---|---|---|---|---|---|---|---|---|---|
| Non-fiction | Bawana | Bawana | 27/06/2012 | K.K.Pub/1683/01.02.2012/25/01.02.2012/06.02.2012 | 295.00 | 920 SIN | B-458562 | 1 | 295.00 | English Books | |||
| Non-fiction | Central Library | Central Library | 27/06/2012 | K.K.Pub/1683/01.02.2012/25/01.02.2012/06.02.2012 | 295.00 | 920 SIN | B-458559 | 1 | 295.00 | English Books | |||
| Non-fiction | Patel Nagar | Patel Nagar | 27/06/2012 | K.K.Pub/1683/01.02.2012/25/01.02.2012/06.02.2012 | 295.00 | 920 SIN | B-458560 | 1 | 295.00 | English Books | |||
| Non-fiction | Sarojini Nagar | Sarojini Nagar | 27/06/2012 | K.K.Pub/1683/01.02.2012/25/01.02.2012/06.02.2012 | 295.00 | 920 SIN | B-458561 | 1 | 295.00 | English Books | |||
| Non-fiction | Shahdara Branch | Shahdara Branch | 27/06/2012 | K.K.Pub/1683/01.02.2012/25/01.02.2012/06.02.2012 | 295.00 | 920 SIN | B-458563 | 1 | 295.00 | English Books |
